[Event "It"]
[Site "Frohnleiten"]
[Date "1998.04.03"]
[Round "1"]
[White "Freitag, Manfred"]
[Black "Singer, Richard"]
[Result "1-0"]
[WhiteElo "2385"]
[BlackElo "2170"]
[PlyCount "75"]
[EventDate "1998.04.03"]

1. d4 d5 2. c4 e6 3. Nf3 Nf6 4. g3 Bb4+ 5. Bd2 Be7 6. Bg2 O-O 7. O-O c6 8. Qc2
Nbd7 9. Bf4 Nh5 10. Bc1 f5 11. b3 Rf7 12. Bb2 Bd6 13. Nbd2 Qf6 14. Qc3 g5 15.
Ne5 Rg7 16. e3 g4 17. b4 Qf8 18. b5 Nhf6 19. bxc6 bxc6 20. Nxc6 Bb7 21. c5 Bxc6
22. cxd6 Bb5 23. Rfc1 Ne4 24. Nxe4 fxe4 25. a4 Bd3 26. Ba3 Rf7 27. Ra2 Qh6 28.
a5 Bc4 29. Rb2 Rf3 30. Qe1 30... e5 {} 31. Rxc4 dxc4 32. Qc3 Qe6 33. Bf1 Rc8
34. Rb7 Rf7 35. Rc7 Rb8 36. Bxc4 Rb1+ 37. Bc1 exd4 38. Qc2 1-0

[Event "It"]
[Site "Frohnleiten"]
[Date "1998.04.03"]
[Round "1"]
[White "Wegerer, Fred"]
[Black "Baumegger, Siegfried"]
[Result "1-0"]
[WhiteElo "2215"]
[BlackElo "2495"]
[PlyCount "61"]
[EventDate "1998.04.03"]

1. g3 d5 2. Bg2 e5 3. d4 exd4 4. Qxd4 Nf6 5. Bg5 Be7 6. Nc3 c6 7. e4 O-O 8.
O-O-O c5 9. Qd3 d4 10. Bxf6 Bxf6 11. Nd5 Nc6 12. f4 Be6 13. a3 Bxd5 14. exd5
Ne7 15. Qe4 Re8 16. Nh3 Nc8 17. Qf3 Re3 18. Qf1 Nd6 19. Nf2 b5 20. Ng4 Nc4 21.
Rd3 Qa5 22. d6 Rb8 23. Bd5 {} 23... Nxb2 24. Rxe3 dxe3 25. Nxf6+ gxf6 26. Kxb2
c4 27. c3 Qb6 28. d7 Qd6 29. Qf3 Qxd7 30. Rd1 Qe7 31. Re1 1-0

[Event "It"]
[Site "Frohnleiten"]
[Date "1998.04.03"]
[Round "1"]
[White "Tratar, Marko"]
[Black "Ebner, Hubert"]
[Result "1-0"]
[WhiteElo "2420"]
[BlackElo "2300"]
[PlyCount "53"]
[EventDate "1998.04.03"]

1. Nf3 Nf6 2. c4 g6 3. Nc3 Bg7 4. e4 d6 5. d4 O-O 6. Be2 e5 7. O-O exd4 8. Nxd4
Re8 9. f3 c6 10. Kh1 Nbd7 11. Bg5 Qb6 12. Nb3 a5 13. Qd2 a4 14. Be3 Qb4 15. Nd4
d5 16. cxd5 cxd5 17. Ndb5 Ra5 18. a3 Qb3 19. Nd6 d4 20. Bxd4 Qe6 21. Nxe8 Qxe8
22. Nb5 b6 23. Bc3 Nc5 24. Bxa5 Nb3 25. Qc2 bxa5 26. Nd6 26... Nxa1 {} 27.
Rxa1 1-0

[Event "It"]
[Site "Frohnleiten"]
[Date "1998.04.03"]
[Round "1"]
[White "Teske, Henrik"]
[Black "Kosanski, Stanko"]
[Result "1-0"]
[WhiteElo "2475"]
[BlackElo "2365"]
[PlyCount "175"]
[EventDate "1998.04.03"]

1. Nf3 d6 2. d4 g6 3. g3 Bg7 4. Bg2 Nf6 5. b3 c5 6. c4 cxd4 7. Nxd4 O-O 8. Nc3
a6 9. Bb2 Qb6 10. Rc1 Bd7 11. O-O 11... Nc6 {} 12. c5 Qd8 13. cxd6 exd6 14.
Qd2 Nxd4 15. Qxd4 Bc6 16. Rfd1 Ne4 17. Qd3 Nxc3 18. Bxc3 Bxg2 19. Kxg2 Bxc3 20.
Rxc3 Qa5 21. Qd2 Rfd8 22. e3 h5 23. Rd3 Qa3 24. e4 Re8 25. Rxd6 Re7 26. Rd8+
Rxd8 27. Qxd8+ Kg7 28. Rd6 Re6 29. Rxe6 fxe6 30. Qd7+ Kf6 31. Qd4+ Kf7 32. e5
Qe7 33. Kf3 Qc7 34. a4 Qc6+ 35. Kf4 Qc1+ 36. Qe3 Qc7 37. Qd3 Qc1+ 38. Kf3 Qc6+
39. Qe4 Qc3+ 40. Kf4 Qd2+ 41. Qe3 Qd7 42. h3 Kg7 43. g4 hxg4 44. hxg4 Qd5 45.
Qc3 Qd8 46. Qb4 Qc7 47. Qc4 Qd7 48. Ke3 b5 49. axb5 axb5 50. Qc5 Kf7 51. f3 g5
52. f4 gxf4+ 53. Kxf4 Qd2+ 54. Qe3 Qc2 55. Kg3 Qb1 56. Qf3+ Kg8 57. Qa8+ Kf7
58. Qb7+ Kg6 59. Qxb5 Kg5 60. Qc4 Qe1+ 61. Kf3 Qxe5 62. Qc1+ Kg6 63. Qe3 Qd6
64. Qe4+ Kg7 65. b4 e5 66. Kg3 Kh6 67. b5 Qa3+ 68. Qf3 Qa1 69. Qe3+ Kg6 70. b6
Qb1 71. Qf2 Qb3+ 72. Kh4 Kg7 73. g5 Qa4+ 74. Kg3 Qb3+ 75. Kg4 Qd1+ 76. Kf5 Qd5
77. Qb2 Qf3+ 78. Kxe5 Kg6 79. Qd2 Qf5+ 80. Kd6 Qf8+ 81. Kc7 Qc5+ 82. Kb7 Qe7+
83. Ka6 Qa3+ 84. Qa5 Qd3+ 85. Ka7 Qd4 86. Qb5 Kh5 87. Ka6 Qa1+ 88. Qa5 1-0

[Event "It"]
[Site "Frohnleiten"]
[Date "1998.04.03"]
[Round "1"]
[White "Detter, Peter"]
[Black "Laschet, Ewald"]
[Result "1-0"]
[WhiteElo "2190"]
[BlackElo "2275"]
[PlyCount "75"]
[EventDate "1998.04.03"]

1. c4 Nf6 2. Nc3 g6 3. e4 d6 4. d4 Bg7 5. f3 Nc6 6. Bg5 O-O 7. Nge2 a6 8. Qd2
Rb8 9. Nc1 e5 10. dxe5 Nxe5 11. Be2 h6 12. Be3 Kh7 13. O-O Be6 14. Nd5 c6 15.
Bb6 Qd7 16. Nxf6+ Bxf6 17. Qc2 c5 18. Nb3 Qc6 19. Ba5 b5 20. cxb5 axb5 21. Bc3
Bg7 22. f4 c4 23. Nd4 Qc5 24. Kh1 Nc6 25. Nxc6 Qxc6 26. Bxg7 Kxg7 27. f5 Bd7
28. Qc3+ Kh7 29. Bf3 Qc5 30. Rad1 Bc6 31. Qf6 Rbd8 32. Qe7 Qe5 33. fxg6+ Kxg6
34. Qh4 34... h5 $4 {} 35. Bxh5+ Kg7 36. Rf5 Qxe4 37. Rg5+ Kh8 38. Bg4+ 1-0

[Event "It"]
[Site "Frohnleiten"]
[Date "1998.04.04"]
[Round "2"]
[White "Singer, Richard"]
[Black "Laschet, Ewald"]
[Result "1-0"]
[WhiteElo "2170"]
[BlackElo "2275"]
[PlyCount "74"]
[EventDate "1998.04.03"]

1. d4 Nf6 2. c4 e6 3. Nf3 b6 4. a3 c5 5. Nc3 cxd4 6. Nxd4 Bb7 7. Bg5 Be7 8.
Ndb5 d6 9. e4 a6 10. Bxf6 gxf6 11. Nd4 Nc6 12. Nxc6 Bxc6 13. Qh5 Qc7 14. Be2
Rg8 15. Qxh7 Kd7 16. Qh3 f5 17. Qd3 fxe4 18. Nxe4 f5 19. Ng3 Bxg2 20. Rg1 Bb7
21. f4 Rh8 22. O-O-O Raf8 23. Nh5 Rf7 24. Qb3 Rhh7 25. Rg6 Qd8 26. Qe3 Be4 27.
Qd4 Qc7 28. b4 d5 29. Kb2 Rxh5 30. Bxh5 Rh7 31. Be2 Rxh2 32. Rd2 Qxf4 33. cxd5
exd5 34. Qc3 34... Rh3 {} 35. Qc6+ Kd8 36. Rg8+ Bf8 37. Rxf8+ Ke7 1-0

[Event "It"]
[Site "Frohnleiten"]
[Date "1998.04.04"]
[Round "2"]
[White "Kosanski, Stanko"]
[Black "Detter, Peter"]
[Result "1-0"]
[WhiteElo "2365"]
[BlackElo "2190"]
[PlyCount "138"]
[EventDate "1998.04.03"]

1. e4 Nf6 2. e5 Nd5 3. d4 d6 4. Nf3 g6 5. Bc4 Nb6 6. Bb3 Bg7 7. Ng5 e6 8. f4
dxe5 9. fxe5 c5 10. c3 cxd4 11. cxd4 Nc6 12. Nf3 f6 13. exf6 Qxf6 14. Nc3 Nxd4
15. Nxd4 Qxd4 16. Qxd4 Bxd4 17. Nb5 Be5 18. O-O Bd7 19. Re1 {} 19... Bxb5 20.
Rxe5 Bd7 21. Bh6 O-O-O 22. Ra5 a6 23. Bg7 Rhg8 24. Be5 Nd5 25. Rc1+ Bc6 26. Ba4
Nb4 27. Rc4 Nd3 28. Bxc6 Nxe5 29. Rxe5 Rd1+ 30. Kf2 bxc6 31. Rxc6+ Kd7 32.
Rcxe6 Rd2+ 33. Re2 Rf8+ 34. Ke1 Rxe2+ 35. Rxe2 Kd6 36. Re4 Kd5 37. Ra4 Rf6 38.
Ke2 Kc5 39. b3 h5 40. a3 Rb6 41. b4+ Kc4 42. Kf3 Rf6+ 43. Kg3 Kd3 44. Ra5 Ke4
45. h3 Rd6 46. Rg5 Rf6 47. Rc5 Rd6 48. Kh4 Kf4 49. Rc3 Kf5 50. Rf3+ Ke4 51. Rf2
Ke3 52. Rf8 Ke4 53. Kg5 a5 54. Re8+ Kd4 55. bxa5 Ra6 56. Rg8 Rxa5+ 57. Kxg6 h4
58. Rh8 Rxa3 59. Rxh4+ Ke5 60. g4 Ra6+ 61. Kg5 Ra8 62. Rh7 Rg8+ 63. Kh5 Kf6 64.
h4 Rb8 65. g5+ Ke6 66. Kh6 Rb4 67. h5 Rb8 68. g6 Rf8 69. Kg7 Ra8 1-0

[Event "It"]
[Site "Frohnleiten"]
[Date "1998.04.04"]
[Round "2"]
[White "Ebner, Hubert"]
[Black "Teske, Henrik"]
[Result "0-1"]
[WhiteElo "2300"]
[BlackElo "2475"]
[PlyCount "78"]
[EventDate "1998.04.03"]

1. Nf3 c5 2. c4 Nc6 3. Nc3 g6 4. d4 cxd4 5. Nxd4 Bg7 6. Nc2 Bxc3+ 7. bxc3 Nf6
8. f3 Qa5 9. Bd2 d6 10. e4 Ne5 11. Ne3 O-O 12. Be2 b6 13. Qb3 Ba6 14. f4 Ned7
15. Bf3 Rac8 16. O-O Nc5 17. Qb1 Bb7 18. Nd5 Nxd5 19. exd5 Qa4 20. Qe1 Qxc4 21.
Qxe7 Bxd5 22. f5 Bxf3 23. Rxf3 Ne4 24. Be1 Rfe8 25. Qh4 Qc5+ 26. Kh1 Qe5 27. f6
Re6 28. Bg3 {} 28... Qg5 29. Qh3 Rxc3 30. Rxc3 Nxc3 31. Bh4 Qe3 32. Rf1 Qxh3
33. gxh3 d5 34. Rc1 Rc6 35. Bf2 Rc4 36. Re1 Ne4 37. Bg1 Nxf6 38. Re7 Ra4 39.
Be3 Re4 0-1

[Event "It"]
[Site "Frohnleiten"]
[Date "1998.04.04"]
[Round "2"]
[White "Baumegger, Siegfried"]
[Black "Tratar, Marko"]
[Result "0-1"]
[WhiteElo "2495"]
[BlackElo "2420"]
[PlyCount "66"]
[EventDate "1998.04.03"]

1. e4 c5 2. Nf3 d6 3. d4 cxd4 4. Nxd4 Nf6 5. Nc3 e6 6. g4 Be7 7. g5 Nfd7 8. h4
Nb6 9. Bg2 O-O 10. O-O Nc6 11. b3 f6 12. Nxc6 bxc6 13. f4 fxg5 14. hxg5 e5 15.
Qh5 g6 16. Qh4 exf4 17. Bxf4 Ba6 18. Rfd1 {} 18... Rxf4 $3 19. Qxf4 Bxg5 20.
Qxd6 Be3+ 21. Kh1 Qh4+ 22. Qh2 Qxh2+ 23. Kxh2 Bf4+ 24. Kh3 Be5 25. Na4 Nxa4 26.
bxa4 Rf8 27. Rab1 Bc8+ 28. Kh4 Rf4+ 29. Kg3 Rf5+ 30. Kg4 h5+ 31. Kh4 Rf4+ 32.
Kg3 h4+ 33. Kh2 Rf1# 0-1

[Event "It"]
[Site "Frohnleiten"]
[Date "1998.04.04"]
[Round "2"]
[White "Freitag, Manfred"]
[Black "Wegerer, Fred"]
[Result "1-0"]
[WhiteElo "2385"]
[BlackElo "2215"]
[PlyCount "89"]
[EventDate "1998.04.03"]

1. d4 d5 2. c4 c6 3. Nf3 Nf6 4. g3 Bf5 5. Nbd2 e6 6. Bg2 h6 7. O-O Nbd7 8. b3
Be7 9. Bb2 O-O 10. Ne5 Nxe5 11. dxe5 Nd7 12. cxd5 exd5 13. Nf3 Be4 14. Bh3
14... Kh8 $5 15. Qc1 f6 16. e6 Nc5 17. Nd4 Re8 18. f3 Bh7 19. f4 Qb6 20. f5 Ne4
21. e3 Bb4 22. Rd1 Qa5 23. Rd3 Rad8 24. a3 Bd6 25. b4 Qc7 26. Qf1 a5 27. Nc2
axb4 28. axb4 Ra8 29. Rdd1 b6 30. Bg2 Be5 31. Nd4 Nd6 32. Rac1 32... Nc4 {}
33. Rxc4 $5 33... dxc4 34. g4 Bxh2+ 35. Kh1 Be5 36. Qxc4 c5 37. Nb5 Qb8 38.
Bxe5 Qxe5 39. Nd6 Ra1 40. Nf7+ Kg8 41. Nxe5 Rxd1+ 42. Kh2 fxe5 43. e7+ Kh8 44.
Qf7 Rxe7 45. Qxe7 1-0

[Event "It"]
[Site "Frohnleiten"]
[Date "1998.04.05"]
[Round "3"]
[White "Wegerer, Fred"]
[Black "Singer, Richard"]
[Result "0-1"]
[WhiteElo "2215"]
[BlackElo "2170"]
[PlyCount "123"]
[EventDate "1998.04.03"]

1. c4 Nf6 2. g3 g6 3. Bg2 Bg7 4. Nc3 d6 5. d3 c5 6. Bg5 h6 7. Bd2 Nc6 8. Qc1
Bd7 9. Nf3 a6 10. O-O Rb8 11. Rb1 b5 12. Re1 e6 13. b3 Qc8 14. h4 h5 15. Ng5
Ne5 16. Nce4 Nxe4 17. Nxe4 Qc7 18. cxb5 Bxb5 19. d4 Ng4 20. dxc5 dxc5 21. Bc3
e5 22. Bb2 Rc8 23. a4 Bd7 24. Rd1 O-O 25. Ba3 Bf5 26. Qc4 Qa5 27. Rd6 Rfd8 28.
Rxa6 Qc7 29. e3 Bh6 30. Re1 30... Kh8 {} 31. Ng5 $4 31... Bxg5 32. e4 Rd4 33.
Qb5 Bd7 34. Qe2 Rd2 35. Qc4 Bh6 36. Qxf7 Be8 37. Qxc7 Rxc7 38. Ra8 Nf6 39. Bh3
(39. Bc1 $1) 39... Kg7 40. b4 Bc6 41. Ra6 Ra2 42. Rxc6 Rxc6 43. b5 Rd6 44. Bxc5
Rdd2 45. b6 Rdb2 46. Bc8 Rxa4 47. b7 Nxe4 48. Be7 Kf7 49. Bd8 Bf8 50. Bc7 Bd6
51. b8=Q Rxb8 52. Bxb8 Bxb8 53. Rb1 Ba7 54. Rb2 Bd4 55. Rc2 Nxg3 56. Kg2 Nf5
57. Bb7 Nxh4+ 58. Kh3 Nf5 59. Bd5+ Kf6 60. Rc6+ Kg5 61. Bf7 Nh4 62. f4+ 0-1

[Event "It"]
[Site "Frohnleiten"]
[Date "1998.04.05"]
[Round "3"]
[White "Tratar, Marko"]
[Black "Freitag, Manfred"]
[Result "0-1"]
[WhiteElo "2420"]
[BlackElo "2385"]
[PlyCount "88"]
[EventDate "1998.04.03"]

1. Nf3 Nf6 2. c4 g6 3. Nc3 Bg7 4. e4 d6 5. d4 O-O 6. Be2 e5 7. O-O Nc6 8. d5
Ne7 9. Nd2 a5 10. a3 Nd7 11. Rb1 f5 12. b4 Kh8 13. f3 f4 14. Nb5 g5 15. Qc2
axb4 16. axb4 Nf6 17. c5 Ne8 18. Bb2 h5 19. Ra1 Rb8 20. Na7 Bd7 21. b5 dxc5 22.
Qxc5 Ng6 23. b6 g4 24. bxc7 Nxc7 25. Rfc1 Na6 26. Qa5 Qg5 27. Bb5 Bxb5 28. Qxb5
Ra8 29. Qxb7 Rab8 30. Qxa6 Rxb2 31. Qe2 Nh4 32. Kh1 Ra8 33. Nc6 Rxa1 34. Rxa1
Bf8 35. Rb1 $2 (35. Ra8 $18) 35... gxf3 36. gxf3 Rxb1+ 37. Nxb1 Bc5 38. Qf1
Nxf3 39. Qg2 39... Qg4 {} 40. h3 $4 40... Qh4 41. Nd2 Nxd2 42. Nxe5 Qe1+ 43.
Kh2 Nf1+ 44. Kh1 Ne3+ 0-1

[Event "It"]
[Site "Frohnleiten"]
[Date "1998.04.05"]
[Round "3"]
[White "Teske, Henrik"]
[Black "Baumegger, Siegfried"]
[Result "1-0"]
[WhiteElo "2475"]
[BlackElo "2495"]
[PlyCount "49"]
[EventDate "1998.04.03"]

1. Nf3 d5 2. c4 c6 3. d4 Nf6 4. Nc3 e6 5. cxd5 exd5 6. Bg5 Bf5 7. Nh4 Bc8 8. e3
h6 9. Bxf6 Qxf6 10. g3 Nd7 11. Bg2 Nb6 12. O-O g5 13. Nf3 Bg4 14. a4 Bg7 15. h3
Bxf3 16. Bxf3 O-O 17. Kg2 Qe7 18. Rh1 f5 19. a5 Nd7 20. a6 Nf6 21. axb7 Qxb7
22. Qc2 Ne4 23. Ra5 Rab8 24. Rc1 Rf6 25. Qa4 {Rest unleserlich} 1-0

[Event "It"]
[Site "Frohnleiten"]
[Date "1998.04.05"]
[Round "3"]
[White "Laschet, Ewald"]
[Black "Kosanski, Stanko"]
[Result "0-1"]
[WhiteElo "2275"]
[BlackElo "2365"]
[PlyCount "106"]
[EventDate "1998.04.03"]

1. d4 g6 2. c4 Bg7 3. e4 d6 4. Nc3 Nf6 5. Be2 O-O 6. Nf3 e5 7. d5 Na6 8. Be3
Ng4 9. Bg5 f6 10. Bh4 Qe8 11. Nd2 f5 12. Bxg4 fxg4 13. Bg5 h5 14. Nb3 Rf7 15.
Qd2 Qf8 16. Nc1 Nc5 17. b4 Nd7 18. Nb3 b6 19. c5 dxc5 20. bxc5 Nxc5 21. O-O Ba6
22. Nxc5 Qxc5 23. Rfd1 Qd4 24. Qc2 Qc4 25. Rac1 Kh7 26. d6 cxd6 27. Rxd6 Bb7
28. Qb1 Rxf2 29. Nd5 Qe2 30. Ne3 Raf8 31. Rc2 {} 31... Qxc2 32. Nxc2 Bxe4 33.
Rd2 Rxd2 34. Bxd2 Rc8 35. Qe1 Bxc2 36. Bc3 Bf5 37. Qa1 Bh6 38. Qe1 e4 39. Qg3
Rc5 40. Bd4 Rc1+ 41. Kf2 e3+ 42. Ke2 Rc2+ 43. Ke1 Bd3 44. Bxe3 Bxe3 45. Qxe3
Re2+ 46. Qxe2 Bxe2 47. Kxe2 Kg7 48. Kd3 Kf6 49. Kc4 Ke5 50. Kb5 Ke4 51. Ka6 Ke3
52. Kxa7 Kf2 53. Kxb6 Kxg2 0-1

[Event "It"]
[Site "Frohnleiten"]
[Date "1998.04.06"]
[Round "4"]
[White "Singer, Richard"]
[Black "Kosanski, Stanko"]
[Result "0-1"]
[WhiteElo "2170"]
[BlackElo "2365"]
[PlyCount "72"]
[EventDate "1998.04.03"]

1. d4 g6 2. c4 Bg7 3. Nf3 d6 4. h3 Nf6 5. Nc3 O-O 6. e4 c5 7. d5 a6 8. a4 e5 9.
Bg5 h6 10. Be3 Nh5 11. Qd2 Kh7 12. g4 {} 12... Nf4 13. Bxf4 exf4 14. Qxf4 Nd7
15. h4 Qb6 16. O-O-O Ne5 17. g5 Nxf3 18. Qxf3 h5 19. Qd3 Qb4 20. Rd2 Bd7 21.
Bh3 Bxa4 22. Nxa4 Qxa4 23. Qc2 Qa1+ 24. Qb1 Qa5 25. f4 b5 26. e5 dxe5 27. f5
Rfb8 28. f6 Bf8 29. Bd7 bxc4 30. Rh3 Rb4 31. Ra3 Qc7 32. Bc6 Rab8 33. Rc3 Bd6
34. Qe4 Qa5 35. Rdc2 Rxb2 36. Rxc4 Rb1# 0-1

[Event "It"]
[Site "Frohnleiten"]
[Date "1998.04.06"]
[Round "4"]
[White "Baumegger, Siegfried"]
[Black "Detter, Peter"]
[Result "1-0"]
[WhiteElo "2495"]
[BlackElo "2190"]
[PlyCount "97"]
[EventDate "1998.04.03"]

1. Nf3 d5 2. c4 e6 3. d4 Nf6 4. Bg5 Be7 5. Nc3 O-O 6. e3 h6 7. Bxf6 Bxf6 8. Rc1
c6 9. Bd3 Nd7 10. O-O Re8 11. e4 dxe4 12. Nxe4 Be7 13. c5 Nf6 14. Ne5 Qd5 15.
Nxf6+ Bxf6 16. Bc4 Qe4 17. Re1 Qh7 18. Qf3 Rd8 19. Bd3 Qh8 20. Re4 Bd7 21. Rg4
Kf8 22. h4 Be8 23. Re1 Ke7 24. Qe4 Bxe5 25. dxe5 h5 26. Rg5 Rd7 27. Be2 g6 28.
Rd1 Rad8 29. Rxd7+ Kxd7 30. Qa4 a6 31. Qb4 Kc8 32. f4 f6 33. Rg3 fxe5 34. Rb3
Rd7 35. Bxa6 exf4 36. Bxb7+ Kd8 37. Qxf4 Qd4+ 38. Qxd4 Rxd4 39. g3 Rc4 40. Rc3
40... Rxc3 $4 41. bxc3 e5 42. Ba6 Ke7 43. Bd3 Kf6 44. a4 Bd7 45. a5 g5 46. a6
Bc8 47. a7 Bb7 48. Kf2 48... gxh4 {} 49. gxh4 1-0

[Event "It"]
[Site "Frohnleiten"]
[Date "1998.04.06"]
[Round "4"]
[White "Freitag, Manfred"]
[Black "Teske, Henrik"]
[Result "1/2-1/2"]
[WhiteElo "2385"]
[BlackElo "2475"]
[PlyCount "20"]
[EventDate "1998.04.03"]

1. e4 c5 2. Nf3 Nc6 3. d4 cxd4 4. Nxd4 Qc7 5. Nc3 e6 6. g3 Nf6 7. Bg2 Nxd4 8.
Qxd4 Bc5 9. Bf4 d6 10. Qd2 {} 10... e5 1/2-1/2

[Event "It"]
[Site "Frohnleiten"]
[Date "1998.04.06"]
[Round "4"]
[White "Wegerer, Fred"]
[Black "Tratar, Marko"]
[Result "0-1"]
[WhiteElo "2215"]
[BlackElo "2420"]
[PlyCount "58"]
[EventDate "1998.04.03"]

1. d4 b6 2. Nf3 Bb7 3. Nbd2 f5 4. e3 Nf6 5. Bd3 e6 6. O-O g6 7. c4 Bg7 8. Qc2
Nc6 9. a3 O-O 10. b4 e5 11. dxe5 Ng4 12. Bb2 Qe7 13. Rfe1 Ncxe5 14. Nxe5 Nxe5
15. Bf1 c5 16. bxc5 bxc5 17. Rab1 Bc6 18. h3 g5 19. f4 Ng6 20. Bxg7 Qxg7 21.
fxg5 Ne5 22. h4 h6 23. e4 hxg5 24. h5 f4 25. Nf3 g4 26. h6 Nxf3+ 27. gxf3 Qxh6
28. fxg4 f3 29. Qf2 {} 29... Rf4 0-1

[Event "It"]
[Site "Frohnleiten"]
[Date "1998.04.07"]
[Round "5"]
[White "Tratar, Marko"]
[Black "Singer, Richard"]
[Result "1/2-1/2"]
[WhiteElo "2420"]
[BlackElo "2170"]
[PlyCount "40"]
[EventDate "1998.04.03"]

1. d4 g6 2. e4 Bg7 3. c4 Nc6 4. Be3 e5 5. dxe5 Bxe5 6. Nc3 d6 7. Nf3 Bxc3+ 8.
bxc3 Qe7 9. Bd3 Nf6 10. O-O Ng4 11. Bf4 O-O 12. Qd2 Nce5 13. Be2 Nxf3+ 14. Bxf3
Ne5 15. Be2 Re8 16. Rfe1 b6 17. Rad1 Bb7 18. f3 Bc6 19. Bf1 Qe6 20. Qd4 {}
20... f6 1/2-1/2

[Event "It"]
[Site "Frohnleiten"]
[Date "1998.04.07"]
[Round "5"]
[White "Teske, Henrik"]
[Black "Wegerer, Fred"]
[Result "1-0"]
[WhiteElo "2475"]
[BlackElo "2215"]
[PlyCount "81"]
[EventDate "1998.04.03"]

1. Nf3 d5 2. c4 e6 3. d4 Nf6 4. Nc3 c6 5. Bg5 h6 6. Bxf6 Qxf6 7. g3 Nd7 8. Bg2
dxc4 9. O-O Bb4 10. Qc2 O-O 11. Ne4 Qf5 12. Rfc1 Be7 13. a4 a5 14. Ned2 Qxc2
15. Rxc2 b5 16. b3 Ra7 17. axb5 cxb5 18. bxc4 bxc4 19. Nxc4 Bb4 20. Nfe5 Nxe5
21. Nxe5 Bd7 22. e3 f6 23. Nd3 Rb8 24. Bc6 Bxc6 25. Rxc6 Kf7 26. Kg2 g5 27. Kf3
Be7 28. Ra4 Rb3 29. Nc5 29... Rc3 {} 30. h4 30... gxh4 $5 31. gxh4 f5 32. h5
Bxc5 33. dxc5 Ke7 34. Rc8 Kd7 35. Rh8 Kc6 36. Rxh6 Kb5 37. Ra1 Ra6 38. Rh8 Rxc5
39. h6 a4 40. Rb8+ Ka5 41. h7 1-0

[Event "It"]
[Site "Frohnleiten"]
[Date "1998.04.07"]
[Round "5"]
[White "Detter, Peter"]
[Black "Freitag, Manfred"]
[Result "0-1"]
[WhiteElo "2190"]
[BlackElo "2385"]
[PlyCount "92"]
[EventDate "1998.04.03"]

1. c4 Nf6 2. Nc3 g6 3. e4 d6 4. d4 Bg7 5. h3 O-O 6. Nf3 c5 7. Be2 cxd4 8. Nxd4
Na6 9. Be3 Nc5 10. Qc2 Bd7 11. O-O Rc8 12. Rac1 a6 13. Qb1 Na4 14. Nxa4 Bxa4
15. Bd3 Nh5 16. Ne2 Bc6 17. Nc3 e6 18. Rc2 f5 19. f3 Be5 20. f4 Bf6 21. exf5
gxf5 22. Qe1 Kh8 23. Ne2 Rg8 24. Nd4 Bd7 25. Nb3 Qe7 26. Bd4 Rg7 27. Bxf6 Qxf6
28. Qc3 Qxc3 29. Rxc3 Rcg8 30. Rc2 Rg3 31. Rd2 Bc6 32. Rff2 Bxg2 33. Rxg2 Rxg2+
34. Rxg2 Rxg2+ 35. Kxg2 Nxf4+ 36. Kf3 Nxd3 37. Nd4 Ne5+ 38. Kf4 Ng6+ 39. Kg5
Nf8 40. Kf6 f4 41. Kf7 e5 42. Nf5 Nd7 43. Nxd6 Nc5 44. Kf8 Ne6+ 45. Ke7 Ng5 46.
h4 {} 46... f3 0-1

[Event "It"]
[Site "Frohnleiten"]
[Date "1998.04.07"]
[Round "5"]
[White "Laschet, Ewald"]
[Black "Baumegger, Siegfried"]
[Result "0-1"]
[WhiteElo "2275"]
[BlackElo "2495"]
[PlyCount "80"]
[EventDate "1998.04.03"]

1. d4 Nf6 2. Nf3 e6 3. c4 d5 4. cxd5 exd5 5. Bg5 c6 6. Qc2 Be7 7. Nc3 Na6 8. e3
Nb4 9. Qb1 g6 10. Bd3 Nxd3+ 11. Qxd3 Bf5 12. Qe2 O-O 13. Ne5 Ne4 14. Bxe7 Qxe7
15. Nxe4 dxe4 16. O-O c5 17. Rad1 Rfd8 18. Nc4 Be6 19. b3 Rac8 20. dxc5 Qxc5
21. Nb2 b5 22. Rxd8+ Rxd8 23. Rd1 Rxd1+ 24. Nxd1 h5 25. Qd2 b4 26. h4 a6 27.
Nb2 Qc3 28. Qe2 Bg4 29. f3 exf3 30. gxf3 Be6 (30... Bxf3 $1) 31. Kg2 Qf6 32.
Qf2 Kh7 33. Nd3 g5 34. hxg5 Qxg5+ 35. Kf1 Bd7 36. Nf4 Bb5+ 37. Ke1 Qf5 38. Qh4
$4 38... Qb1+ 39. Kf2 Qf1+ 40. Kg3 {} 40... Qe1+ 0-1

[Event "It"]
[Site "Frohnleiten"]
[Date "1998.04.07"]
[Round "5"]
[White "Kosanski, Stanko"]
[Black "Ebner, Hubert"]
[Result "1-0"]
[WhiteElo "2365"]
[BlackElo "2300"]
[PlyCount "82"]
[EventDate "1998.04.03"]

1. e4 c5 2. Nc3 Nc6 3. f4 g6 4. Nf3 Bg7 5. g3 d6 6. Bg2 e6 7. O-O Nge7 8. d3
O-O 9. g4 f5 10. gxf5 exf5 11. Ne2 b6 12. c3 Kh8 13. Ng3 Qd7 14. exf5 Nxf5 15.
Nxf5 Qxf5 16. Nh4 16... Qd7 {} 17. f5 Bb7 18. fxg6 Rxf1+ 19. Kxf1 Ne5 20. Qh5
Bf6 21. Bg5 Bxg5 22. Qxg5 Rf8+ 23. Ke2 Bxg2 24. Qxg2 hxg6 25. Nxg6+ Nxg6 26.
Qxg6 Qe7+ 27. Qe4 Qf6 28. Re1 Qh6 29. Kd1 Rf7 30. Qe8+ Rf8 31. Qe2 Rf5 32. Qg4
Rf8 33. h4 Rg8 34. Re6 Qh7 35. Qe4 Qh5+ 36. Kc2 d5 37. Qf4 Rg1 38. Kb3 c4+ 39.
Ka3 Kh7 40. Re5 Qh6 41. Re7+ Rg7 1-0

[Event "It"]
[Site "Frohnleiten"]
[Date "1998.04.08"]
[Round "6"]
[White "Singer, Richard"]
[Black "Ebner, Hubert"]
[Result "1/2-1/2"]
[WhiteElo "2170"]
[BlackElo "2300"]
[PlyCount "151"]
[EventDate "1998.04.03"]

1. d4 Nf6 2. c4 g6 3. Nc3 Bg7 4. e4 d6 5. Nf3 O-O 6. Be2 Na6 7. O-O e5 8. Be3
c6 9. Re1 exd4 10. Nxd4 Re8 11. Bf3 Nc5 12. Bf4 Ne6 13. Nxe6 Bxe6 14. Qd3 Qb6
15. Bxd6 Red8 16. e5 Ne8 17. Rad1 Nxd6 18. exd6 Qxb2 19. Ne4 Qxa2 20. Nc5 Bxc4
21. Qe3 Qb2 22. Rb1 Qf6 23. Nxb7 Rxd6 24. Nxd6 Qxd6 25. Rb7 Bd4 26. Qc1 Bd5 27.
Bxd5 Qxd5 28. Ree7 Rf8 29. Red7 Qe5 30. Qd1 c5 31. Rxa7 Rb8 32. Rxd4 $6 32...
cxd4 33. Ra1 d3 34. h3 {} 34... h5 $6 (34... d2 $1 $19) 35. Ra3 35... Rd8 $2 (
35... d2 $1 $19) 36. Qd2 $4 (36. Rxd3 $11) 36... Qe2 $19 37. Ra2 37... Qe7 $6 (
37... Re8 $19) 38. Ra1 38... Qc5 $6 (38... Qe2 $19) 39. Rd1 Qd4 40. Qe3 40...
Qc3 $6 (40... Qxe3 41. fxe3 f5 42. Kf2 Kf7 43. Kf3 Ke6 44. e4 Ke5 45. exf5 gxf5
46. g3 46... Kd4 $19) 41. g4 Qc2 42. Rd2 Qb1+ 43. Kg2 hxg4 44. hxg4 Qb5 45. Qf4
Qd5+ 46. Kg3 Re8 47. Qf3 Qd6+ 48. Qf4 Qd7 49. Qf3 Rd8 50. Qe3 Qd5 51. Qf3 Qd4
52. Qf4 Qc3 53. Qe3 Kg7 54. f4 Rd6 55. Kf3 Kf8 56. Kg2 Qc1 57. Kf3 Qf1+ 58. Kg3
Rd8 59. Qc5+ Kg8 60. Qf2 60... Qxf2+ $1 $19 61. Kxf2 g5 62. fxg5 Kg7 63. Ke3
Kg6 64. Kf4 Rd7 65. Kf3 Kxg5 66. Kg3 Rd4 67. Kf3 Kf6 68. Ke3 Rd7 69. Kf4 Kg6
70. Kf3 Kg5 71. Kg3 Rd4 72. Kf3 Rf4+ 73. Ke3 Rxg4 74. Kxd3 f5 75. Rf2 Rh4 76.
Rg2+ 1/2-1/2

[Event "It"]
[Site "Frohnleiten"]
[Date "1998.04.08"]
[Round "6"]
[White "Baumegger, Siegfried"]
[Black "Kosanski, Stanko"]
[Result "1-0"]
[WhiteElo "2495"]
[BlackElo "2365"]
[PlyCount "85"]
[EventDate "1998.04.03"]

1. d4 c5 2. d5 e5 3. e4 a6 4. c4 d6 5. h3 5... f5 $2 6. exf5 Bxf5 7. Nc3 Nf6 8.
Nge2 Be7 9. Ng3 Bg6 10. Bd3 Bxd3 11. Qxd3 O-O 12. O-O Nbd7 13. Be3 Qe8 14. Rab1
Nh5 15. Nxh5 Qxh5 16. b4 b6 17. bxc5 bxc5 18. Rb7 Rfd8 19. Rfb1 Bf8 20. Ne4 h6
21. Bd2 Qf7 22. Qg3 Qf5 23. f3 Kh8 24. Ba5 Rdb8 25. Qg4 $1 25... Qxg4 26. hxg4
Rxb7 27. Rxb7 Nf6 28. Nxf6 gxf6 29. Kf2 29... Re8 {} 30. Ke3 h5 31. gxh5 f5
32. Rd7 Rb8 33. Rd8 Rxd8 34. Bxd8 Bh6+ 35. Ke2 e4 36. fxe4 fxe4 37. g4 Bf4 38.
g5 Kg7 39. g6 Kf8 40. Bf6 Bh6 41. Bc3 Bg5 42. Bd2 Bf6 43. Bf4 1-0

[Event "It"]
[Site "Frohnleiten"]
[Date "1998.04.08"]
[Round "6"]
[White "Freitag, Manfred"]
[Black "Laschet, Ewald"]
[Result "1-0"]
[WhiteElo "2385"]
[BlackElo "2275"]
[PlyCount "53"]
[EventDate "1998.04.03"]

1. d4 Nf6 2. Nf3 g6 3. c4 Bg7 4. Nc3 O-O 5. e4 d6 6. Be2 e5 7. O-O Nc6 8. d5
Ne7 9. Ne1 Nd7 10. f3 Kh8 11. Be3 Ng8 12. Nd3 Bh6 13. Bxh6 Nxh6 14. Qd2 Kg7 15.
Rac1 a5 16. c5 dxc5 17. f4 f6 18. fxe5 fxe5 19. Rxf8 Qxf8 20. Nb5 Qd8 21. Qc3
21... c6 {} 22. Nxe5 Qf6 23. Nc7 Qxe5 24. Qxe5+ Nxe5 25. Nxa8 Nd7 26. Nc7 cxd5
27. Nxd5 1-0

[Event "It"]
[Site "Frohnleiten"]
[Date "1998.04.08"]
[Round "6"]
[White "Wegerer, Fred"]
[Black "Detter, Peter"]
[Result "1/2-1/2"]
[WhiteElo "2215"]
[BlackElo "2190"]
[PlyCount "26"]
[EventDate "1998.04.03"]

1. c4 Nf6 2. Nf3 e6 3. g3 d5 4. Bg2 Be7 5. O-O O-O 6. d4 dxc4 7. Qc2 a6 8. Qxc4
b5 9. Qc2 Bb7 10. Nbd2 Nbd7 11. Nb3 Be4 12. Qd1 c5 13. dxc5 {} 13... Nxc5
1/2-1/2